Score 0/24 Timer 03:00
0 Plays Today
Show Word % Correct
The ____ Griffith ShowAndy
97.8%
The Dick Van ____ ShowDyke
94.1%
An Evening with ____ BurnettCarol
93.4%
The Beverly ____Hillbillies
90.4%
To ____ the TruthTell
89.7%
Hallmark Hall of ____Fame
89%
The Eleventh ____Hour
87.5%
____ KangarooCaptain
84.6%
The ____ Skelton ShowRed
82.4%
The DuPont ____ of the WeekShow
74.3%
____ NavyMcHale's
72.1%
The ____ and the NursesDoctors
69.9%
Show Word % Correct
The Danny Kaye Show with ____ BallLucille
66.9%
Walt Disney's Wonderful World of ____Color
66.9%
____ CaseyBen
62.5%
Password All-____Stars
59.6%
The ____ Electric College BowlGeneral
58.8%
The ____ Moore ShowGarry
50%
Naked ____City
44.1%
The ____ NileRiver
30.9%
The Dick Powell ____Theatre
26.5%
____ EdieHere's
19.9%
____ BenedictSam
15.4%
Alcoa ____Premiere
14%
Remove Ads.
Support Sporcle.
Get the best of Sporcle when you Go Orange. This ad-free experience offers more features, more stats, and more fun while also helping to support Sporcle. Thank you for becoming a member.

You're not logged in!

Compare scores with friends on all Sporcle quizzes.
OR
Log In

Show Comments

Extras

Top Quizzes Today


Score Distribution

Your Account Isn't Verified!

In order to create a playlist on Sporcle, you need to verify the email address you used during registration. Go to your Sporcle Settings to finish the process.

Report this User

Report this user for behavior that violates our Community Guidelines.

Details: